<The> European Community between social policy and social regulation

Saved in:
Bibliographic Details
Main Author: Majone, Giandomenico
Format: Book
Language:English
Published: Florence European University Institute 1993
Series:EUI working paper SPS No. 92/27
Subjects:
Tags: Add Tag
No Tags, Be the first to tag this record!

MARC

LEADER 00000nam a2200000 4500
001 c100163
005 20250509103949.2
041 0 |a eng 
044 |a IT 
245 1 0 |a <The> European Community between social policy and social regulation  |c Giandomenico Majone 
264 1 |a Florence  |b European University Institute  |c 1993 
300 |a 35 s. 
490 1 |a EUI working paper  |v SPS No. 92/27 
830 0 |a EUI working paper  |v SPS No. 92/27 
610 2 0 |a politika sociálna 
610 2 0 |a regulácia 
610 2 0 |a Európa 
610 2 0 |a Európske spoločenstvá 
610 2 0 |a zabezpečenie sociálne 
610 2 0 |a politika regionálna 
610 2 0 |a integrácia ekonomická medzinárodná 
610 2 0 |a redistribúcia 
100 1 |a Majone, Giandomenico